Pays CDM fémine de football 2023 - Statistiques

Statistiques générales
  • Ce quiz a été pris 205 fois
    182 depuis la dernière actualisation
  • Le résultat moyen est 23 sur 32
Statistiques - réponses
Réponse % Correct
France
99%
États-Unis
95%
Brésil
95%
Espagne
93%
Australie
92%
Japon
92%
Allemagne
90%
Angleterre
90%
le Portugal
89%
Suède
87%
Italie
86%
Maroc
86%
Canada
84%
Argentine
83%
Chine
80%
Pays-Bas
80%
Norvège
80%
Nouvelle-Zélande
75%
Suisse
73%
Colombie
71%
Corée du Sud
71%
Danemark
67%
Irlande
62%
Afrique du Sud
61%
Jamaique
53%
Nigeria
52%
Panama
46%
Costa Rica
41%
Viêt Nam
32%
Haïti
31%
Philippines
29%
Zambie
25%
Aucun quiz correspondant
Distribution des résultats
% des personnes avec chaque résultat
Percentile par nombre de réponses
Votre historique - résultats
Vous n’avez pas pris ce quiz depuis la dernière actualisation